| 000 -LEADER |
| fixed length control field |
00717nam a22002177a 4500 |
| 001 - CONTROL NUMBER |
| control field |
18747 |
| 003 - CONTROL NUMBER IDENTIFIER |
| control field |
BD-DhUAP |
| 005 - DATE AND TIME OF LATEST TRANSACTION |
| control field |
20200227161916.0 |
| 008 - FIXED-LENGTH DATA ELEMENTS--GENERAL INFORMATION |
| fixed length control field |
200227s2006 a a|||| |||| 00| 0 eng d |
| 020 ## - INTERNATIONAL STANDARD BOOK NUMBER |
| International Standard Book Number |
1876907819 |
| 020 ## - INTERNATIONAL STANDARD BOOK NUMBER |
| International Standard Book Number |
9781876907815 |
| 040 ## - CATALOGING SOURCE |
| Original cataloging agency |
BD-DhUAP |
| Language of cataloging |
Eng |
| Transcribing agency |
BD-DhUAP |
| Modifying agency |
BD-DhUAP |
| 082 ## - DEWEY DECIMAL CLASSIFICATION NUMBER |
| Edition number |
23 |
| Classification number |
720.483 TAL |
| 245 ## - TITLE STATEMENT |
| Title |
Tall Buildings : |
| Remainder of title |
of Eruope, the Middle East and Africa / |
| Statement of responsibility, etc. |
Edited by Georges Binder ; Foreword by Norman Foster. |
| 260 ## - PUBLICATION, DISTRIBUTION, ETC. |
| Place of publication, distribution, etc. |
Mulgrave : |
| Name of publisher, distributor, etc. |
The Images Publishing Group Pty Ltd, |
| Date of publication, distribution, etc. |
c 2006. |
| 300 ## - PHYSICAL DESCRIPTION |
| Extent |
239 pages : |
| Other physical details |
illustrations ; |
| Dimensions |
30 cm. |
| 650 ## - SUBJECT ADDED ENTRY--TOPICAL TERM |
| Topical term or geographic name entry element |
Tall buildings. |
| 650 ## - SUBJECT ADDED ENTRY--TOPICAL TERM |
| Topical term or geographic name entry element |
Architecture, Modern |
| Form subdivision |
21st century. |
| 700 ## - ADDED ENTRY--PERSONAL NAME |
| Personal name |
Binder, Georges. |
| 942 ## - ADDED ENTRY ELEMENTS (KOHA) |
| Source of classification or shelving scheme |
|
| Koha item type |
Book |